ბათუმის შოთა რუსთაველის სახელმწიფო უნივერსიტეტის ბიბლიოთეკა

Геометрические построения на плоскости (ბიბ.ჩანაწერი № 38656)

000 -LEADER
fixed length control field 00650nam a2200205Ia 4500
001 - CONTROL NUMBER
control field 4880
003 - CONTROL NUMBER IDENTIFIER
control field GE_BSU
008 - FIXED-LENGTH DATA ELEMENTS--GENERAL INFORMATION
fixed length control field 181216s||||||||xx |||||||||||||| ||und||
040 ## - CATALOGING SOURCE
Transcribing agency GE_BSU
245 ## - TITLE STATEMENT
Title Геометрические построения на плоскости
245 ## - TITLE STATEMENT
Remainder of title Пособие для студ. педагог ин-тов
245 ## - TITLE STATEMENT
Statement of responsibility, etc. Аргунов, Ю.И. Балк,М.Б.
250 ## - EDITION STATEMENT
Edition statement Из. 2-ое
260 ## - PUBLICATION, DISTRIBUTION, ETC.
Place of publication, distribution, etc. Москва
260 ## - PUBLICATION, DISTRIBUTION, ETC.
Name of publisher, distributor, etc. Учпедгиз
260 ## - PUBLICATION, DISTRIBUTION, ETC.
Date of publication, distribution, etc. 1957
300 ## - PHYSICAL DESCRIPTION
Extent 265 с. 21 см.
653 ## - INDEX TERM--UNCONTROLLED
Uncontrolled term Геометрические построения на плоскости
942 ## - ADDED ENTRY ELEMENTS (KOHA)
Koha item type წიგნი
ეგზემპლარები
Withdrawn status Lost status Damaged status Not for loan Date acquired Barcode Date last seen Price effective from Koha item type Public note
        2018-12-17 15935 2018-12-17 2018-12-17 წიგნი დარბაზი